Normal view
MARC view
Entry Personal Name
001 - CONTROL NUMBER
- control field: 1076002
003 - CONTROL NUMBER IDENTIFIER
- control field: OSt
005 - DATE AND TIME OF LATEST TRANSACTION
- control field: 20260121171422.0
008 - FIXED-LENGTH DATA ELEMENTS
- fixed length control field: 260121|| aca||aabn | a|a d
040 ## - CATALOGING SOURCE
- Original cataloging agency: OSt
- Transcribing agency: OSt
100 ## - HEADING--PERSONAL NAME
- Personal name: Zakaria Hamimi, Ahmed El-Barkooky, Jesús Martínez Frías, Harald Fritz, Yasser Abd El-Rahman
670 ## - SOURCE DATA FOUND
- Source citation: Work cat.: (OSt)1641732: Zakaria Hamimi, Ahmed El-Barkooky, Jesús Martínez Frías, Harald Fritz, Yasser Abd El-Rahman, The Geology of Egypt
